000 00652nam a2200217Ia 4500
003 OSt
005 20250909124022.0
008 220926b |||||||| |||| 00| 0 eng d
037 _cReference
040 _aRTL
_cRTL
_beng
041 _2eng
_aeng
084 _aRv M8/SC
_qRTL
100 _aOizerman, T. I.
_9371117
245 0 _aThe Main trends in philosophy
260 _aMoscow
_bProgress publishers
_c1988
300 _a323 p.
_bIncludes bibliographical reference and index
650 _aModern philosophy
_9820656
650 _aPhilosophy
_9820657
942 _hRv M8/SC
_cREF
_2CC
_n0
999 _c691354
_d691354